Africaans communication research (Record no. 2498)
[ view plain ]
| 000 -LEADER | |
|---|---|
| fixed length control field | 00500cam a2200145 4500 |
| 008 - FIXED-LENGTH DATA ELEMENTS--GENERAL INFORMATION | |
| fixed length control field | 120625n 000 0 eng u |
| 022 ## - INTERNATIONAL STANDARD SERIAL NUMBER | |
| International Standard Serial Number | 1821-6544 |
| 035 ## - SYSTEM CONTROL NUMBER | |
| System control number | (Sirsi) a176639 |
| 050 ## - LIBRARY OF CONGRESS CALL NUMBER | |
| Classification number | p92.A4 |
| 245 ## - TITLE STATEMENT | |
| Title | Africaans communication research |
| 260 ## - PUBLICATION, DISTRIBUTION, ETC. | |
| Place of publication, distribution, etc. | Tanzania,mwanza.2008. |
| 310 ## - CURRENT PUBLICATION FREQUENCY | |
| Current publication frequency | quarterly |
| 520 ## - SUMMARY, ETC. | |
| Summary, etc. | An underscore of Afro-centric values versus Eurocentric characterised post-colonial discourse marked by corruption and sensationalism persists. |
| 650 ## - SUBJECT ADDED ENTRY--TOPICAL TERM | |
| Topical term or geographic name entry element | post-colonial Africa |
| Withdrawn status | Lost status | Source of classification or shelving scheme | Damaged status | Not for loan | Home library | Current library | Shelving location | Total Checkouts | Full call number | Barcode | Date last seen | Copy number | Price effective from | Koha item type |
|---|---|---|---|---|---|---|---|---|---|---|---|---|---|---|
| Library of Congress Classification | Vet Medicine Library | Vet Medicine Library | Serials | A92.A4 | 6544122008 | 08/09/2019 | 1 | 08/09/2019 | Periodical |